| 000 | 00444nam a2200157 4500 | ||
|---|---|---|---|
| 001 | 137937 | ||
| 003 | ES-MaACL | ||
| 005 | 20230906195454.0 | ||
| 007 | t| | ||
| 008 | 070214s1946 sp r ||||1| spa d | ||
| 100 | 1 |
_aSánchez Estevan, Ismael. _9102627 |
|
| 245 | 1 | 0 |
_aMaría Guerrero / _cIsmael Sánchez Estevan. |
| 260 |
_aBarcelona : _bJoaquín Gil, _c1946. |
||
| 300 |
_a319 p., 7 lám. ; _c19 cm. |
||
| 852 |
_aES-MaACL _jB-10657 _bR.22791 |
||
| 999 |
_c137937 _d137937 |
||